000
00288nam a22001337a 4500
020
_a
81-88697-06-0
082
_a
823
_b
HAR/G
100
_a
HARDY,THOMAS
245
_a
GREAT WORKS OF THOMAS HARDY
260
_a
DELHI
_b
BLACK ROSE
300
_a
672
650
_a
NOVELS
_z
DELHI
942
_c
BK
999
_c
3599
_d
3599